Textbook of rural sociology / (Record no. 165560)
[ view plain ]
| 000 -LEADER | |
|---|---|
| fixed length control field | 00669nam a22001937a 4500 |
| 005 - DATE AND TIME OF LATEST TRANSACTION | |
| control field | 20190621165455.0 |
| 010 ## - LCCN (DPL NO) | |
| LC control number | ENG-125715 |
| 020 ## - INTERNATIONAL STANDARD BOOK NUMBER | |
| International Standard Book Number | 9788184556407 |
| Terms of availability | 995.00 |
| 035 ## - SYSTEM CONTROL NUMBER | |
| System control number | EN-109247 |
| 037 ## - SOURCE OF ACQUISITION | |
| Source of stock number/acquisition | DBAD/PUB |
| 082 ## - DEWEY DECIMAL CLASSIFICATION NUMBER | |
| Classification number | 307.720 |
| 100 ## - MAIN ENTRY--PERSONAL NAME | |
| Personal name | Roy, M.N. |
| 245 ## - TITLE STATEMENT | |
| Title | Textbook of rural sociology / |
| Statement of responsibility, etc | by M.N. Roy |
| 260 ## - PUBLICATION, DISTRIBUTION, ETC. (IMPRINT) | |
| Place of publication, distribution, etc | New Delhi |
| Name of publisher, distributor, etc | Omega Publications |
| Date of publication, distribution, etc | 2017 |
| 270 ## - ADDRESS | |
| Address | 4378/4B, G4, JMD House, Murali Lal Street, Ansari Road |
| City | Daryaganj, New Delhi |
| Postal code | 110002 |
| Telephone number | 65901906, 23278062 |
| Electronic mail address | omega_publications@yahoo.com |
| 300 ## - PHYSICAL DESCRIPTION | |
| Extent | 294p.. |
| Dimensions | 22cm(Hb) |
| 500 ## - GENERAL NOTE | |
| General note | Includes bibliographical references and index |
| 942 ## - ADDED ENTRY ELEMENTS (KOHA) | |
| Source of classification or shelving scheme | Dewey Decimal Classification |
| Item type | English Books |
| Classification part | 307.720 |
| Call number suffix | ROY |
| Withdrawn status | Lost status | Not for loan | Collection code | Home library | Current library | Date acquired | Source of acquisition | Cost, normal purchase price | Full call number | Barcode | Copy number | Cost, replacement price | Koha item type |
|---|---|---|---|---|---|---|---|---|---|---|---|---|---|
| Non-fiction | Central Library | Central Library | 21/06/2019 | DBAD/PUB | 995.00 | 307.720 ROY | EN-109247 | 1 | 995.00 | English Books |
